THE BEST OF GOPAL & PARAMANAND (Record no. 3532)
[ view plain ]
| 000 -LEADER | |
|---|---|
| fixed length control field | 00353nam a22001457a 4500 |
| 020 ## - INTERNATIONAL STANDARD BOOK NUMBER | |
| ISBN | 81-88759-88-2 |
| 082 ## - DEWEY DECIMAL CLASSIFICATION NUMBER | |
| Classification number | 823 |
| Item number | JUD/B |
| 100 ## - MAIN ENTRY--AUTHOR NAME | |
| Personal name | JUDE, BRIAN |
| 245 ## - TITLE STATEMENT | |
| Title | THE BEST OF GOPAL & PARAMANAND |
| Remainder of title | HUMOUROUS STORY |
| 260 ## - PUBLICATION, DISTRIBUTION, ETC. (IMPRINT) | |
| Place of publication | CHENNAI |
| Name of publisher | SPIDER BOOKS |
| Year of publication | 2009 |
| 300 ## - PHYSICAL DESCRIPTION | |
| Number of Pages | 126 |
| 520 ## - SUMMARY, ETC. | |
| Summary, etc | HUMOUROUS STORY |
| 650 ## - SUBJECT ADDED ENTRY--TOPICAL TERM | |
| Topical Term | SHORT STORY |
| Geographic subdivision | KERALA |
| 942 ## - ADDED ENTRY ELEMENTS (KOHA) | |
| Koha item type | Books |
| Withdrawn status | Lost status | Collection code | Home library | Current library | Shelving location | Date acquired | Source of acquisition | Full call number | Accession Number | Koha item type |
|---|---|---|---|---|---|---|---|---|---|---|
| Fiction | Main Library | Main Library | SHELF 16-A- ENGLISH LITERATURE COLLECTION OF WORKS | 12/05/2010 | PURCHASE | 823 GOP/A | 03690 | Books |